| 000 | 00517cam a2200169u 4500 | ||
|---|---|---|---|
| 001 | unk83048141 | ||
| 003 | DLC | ||
| 005 | 20260227112800.0 | ||
| 008 | 830823s1966 xx a 000 0 dut | ||
| 010 | _aunk83048141 | ||
| 040 |
_aDLC _cCarP _dDLC |
||
| 050 | 0 | 0 |
_aS239.S2 _bW3 deel 66-12 |
| 100 | 1 | _aWal, P. van der. | |
| 245 | 1 | 4 | _aHet effect van 10 DPM penicilline-streptomycine op de mestresultaten bij varkens van 20 - 90 kg. |
| 260 |
_aWageningen, _bLandbouwhogeschool, _c1966. |
||
| 300 |
_a40 p. _billus. _c25 cm. |
||
| 999 |
_c91453 _d91453 |
||